LEADER 01457nam2-2200445li-450- 001 990000120090203316 005 20130311144337.0 010 $a88-207-1633-X 035 $a0012009 035 $aUSA010012009 035 $a(ALEPH)000012009USA01 035 $a0012009 100 $a19891212d1988----km-y0itay50------ba2001989121281988----y0itay0103----ba 101 0 $aita 102 $aIT 105 $a||||||||001yy 200 1 $aFisica II$eelettromagnetismo, ottica$fCorrado Mencuccini, Vittorio Silvestrini$ecorso di fisica per le facolta' tecnico-scientifiche corredato di esempi ed esercizi 210 $aNapoli$cLiguori$d1988 215 $aX, 658 p.$cill.$d27 cm 225 2 $aManuali per l'Universita' 410 0$10010012005$aManuali per l'Universita'$12001 606 0 $aElettromagnetismo$xManuali$2BNCF 606 0 $aOttica$xManuali 676 $a537 700 1$aMENCUCCINI,$bCorrado$0332090 701 1$aSILVESTRINI,$bVittorio$0359 801 0$aIT$bsalbc$gISBD 912 $a990000120090203316 951 $a537 FIS 1$b1934 Ing.$c537$d00059381 951 $a530 MEN (A)$b11549/CBS$c530$d00223608 959 $aBK 969 $aSCI 979 $c19891212 979 $c20001110$lUSA01$h1711 979 $c20020403$lUSA01$h1619 979 $aPATRY$b90$c20040406$lUSA01$h1609 979 $aRSIAV6$b90$c20090610$lUSA01$h1008 979 $aCHIARA$b90$c20130311$lUSA01$h1443 996 $aFisica II$9881728 997 $aUNISA LEADER 01049nam0-2200349li-450 001 990000144320203316 005 20180312154620.0 010 $a0-85274-318-1 035 $a0014432 035 $aUSA010014432 035 $a(ALEPH)000014432USA01 035 $a0014432 100 $a20001109d1990----km-y0itay0103----ba 101 0 $aeng 102 $aGB 200 1 $aCompact numerical methods for computers$elinear algebra and function minimisation$fJohn C. Nash 205 $a2nd ed 210 $aBrsitol$cAdam Higler$d1990 610 1 $aanalisi numerica applicazione agli elabo 676 $a519.4$9. 700 1$aNash,$bJohn C.$015588 801 $aSistema bibliotecario di Ateneo dell' Università di Salerno$gRICA 912 $a990000144320203316 951 $a519.4 NAS$b0002362 959 $aBK 969 $aTEC 979 $c19950111 979 $c20001110$lUSA01$h1712 979 $c20020403$lUSA01$h1622 979 $aPATRY$b90$c20040406$lUSA01$h1611 996 $aCompact numerical methods for computers$9911383 997 $aUNISA